| 000 | 00000nam##2200000za#4500 |
| 001 | 9.647225 |
| 003 | CaOODSP |
| 005 | 20200401074909 |
| 007 | ta |
| 008 | 150407|1999||||xxc||||| f|0| 0 eng|d |
| 020 | |a0-662-27489-X |
| 040 | |aCaOODSP|beng |
| 043 | |an-cn--- |
| 086 | 1 |aH21-145/1999E |
| 110 | 1 |aCanada.|bHealth Canada. |bAdvisory Council on Health Infostructure. |
| 245 | 10|aCanada Health Infoway : |bpaths to better health, final report / |cIssued by the Office of Health and the Information Highway. |
| 260 | |aOttawa - Ontario : |bHealth Canada. |c1999. |
| 300 | |a93p. in various pagings. : |billus. ; |c28 cm. |
| 500 | |a"This report is about how new information and communications technologies strategically deployed in a pan-Canadian health information highway (Canada Health Infoway, for short) or infostructure, can help to empower Canadians with better health information and new opportunities."--Page 3. |
| 520 | 3 |aThis report is about how new information and communications technologies strategically deployed in a pan-Canadian health information highway (Canada Health Infoway, for short) or infostructure, can help to empower Canadians with better health information and new opportunities.--Page 3 |
| 563 | |aSoftcover |
| 590 | |a99-08|b1999-02-26 |
| 690 | 07|aHealth promotion|2gcpds |
| 690 | 07|aHealth care system|2gcpds |
| 690 | 07|aInformation technology|2gcpds |
| 775 | 08|tInforoute santé du Canada : |w(CaOODSP)9.680650 |
| 776 | 0#|tCanada Health Infoway : |w(CaOODSP)9.696338 |